Modelování a simulace bojové činnosti

Hlavní autor: Stodola, Petr, 1979-
Jazyk: Čeština
Vydáno: Brno : Univerzita obrany, 2009
Témata:
Fyzický popis: 1 CD-ROM : barev. ; 12 cm
Elektronické zdroje
Uloženo v:
LEADER 01490nmm a2200385 a 4500
001 001085347
003 CZ BrMZK
005 20100416080045.0
006 m^^^^^^^^d^^^^^^^^
007 co cgu mnna|
008 100201s2009 xr e d cze
020 |a 978-80-7231-703-5  |q (CDR) 
040 |a BOA001  |b cze 
072 7 |a 355/359  |x Vojenství. Obrana země. Ozbrojené síly  |2 Konspekt  |9 15 
072 7 |a 37.016  |x Učební osnovy. Vyučovací předměty. Učebnice  |2 Konspekt  |9 22 
080 |a 355.422  |2 MRF 
080 |a 004.94  |2 MRF 
080 |a (075.8)  |2 MRF 
080 |a (0.034.44)  |2 MRF 
100 1 |a Stodola, Petr,  |d 1979-  |7 mzk2010569738  |4 aut 
245 1 0 |a Modelování a simulace bojové činnosti  |h [elektronický zdroj] /  |c Petr Stodola 
256 |a Data (149 MB) 
260 |a Brno :  |b Univerzita obrany,  |c 2009 
300 |a 1 CD-ROM :  |b barev. ;  |c 12 cm 
500 |a Název z disku 
538 |a Požadavky na systém nejsou uvedeny 
650 0 7 |a bojové operace  |7 ph137689  |2 czenas 
650 0 7 |a modelování a simulace  |7 ph125543  |2 czenas 
655 7 |a učebnice vysokých škol  |7 fd133772  |2 czenas 
655 7 |a CD-ROM  |7 fd133955  |2 czenas 
910 2 |a BOA001  |b CDR-1237.265 
990 |a CF 
991 |b 201004  |g g 
996 3 |b 2610410986  |c CDR-1237.265  |l Stud. periodik/2.patro  |r Sklad / do 1 hodiny  |n 2  |p p.v.  |w 001108385  |u 000010  |a 1  |e BOA001  |j MZK50  |s N 
996 3 |b 2610410987  |c CDR-1237.265  |l Stud. periodik/2.patro  |r Sklad / do 1 hodiny  |n 1  |p p.v.  |w 001108385  |u 000020  |a 1  |e BOA001  |j MZK50  |s N